| 000 | 00508nam a2200181Ia 4500 | ||
|---|---|---|---|
| 999 |
_c10884 _d10884 |
||
| 003 | OSt | ||
| 005 | 20191226111355.0 | ||
| 008 | 190216s9999||||xx |||||||||||||| ||und|| | ||
| 020 | _a9788122418149 | ||
| 040 | _coclc | ||
| 082 |
_a519.5 _bAGA/B |
||
| 100 |
_aAgarwal, B L _9764 |
||
| 245 | 0 |
_aBasic Statistics / _cB L Agarwal |
|
| 250 | _a4th ed. | ||
| 260 |
_bNew Age International Publishers, _aNew Delhi: _c2006. |
||
| 300 | _a763p | ||
| 942 |
_cBK _2ddc _h519.5 _iAGA/B _k519.5 _mAGA/B |
||